000 00867nam a2200277 i 4500
001 17231
003 ES-MaACL
005 20250815125311.0
007 t|
008 010123s1999 sp ||||0| spa j
020 _a84-7432-649-4
040 _aM-BN
_bspa
_cM-BN
080 _a316.42
100 1 _aLotman, Iuriï Mijaïlovich.
_974300
245 1 0 _aCultura y explosión
_b: lo previsible y lo imprevisible en los procesos de cambio social /
_cpor Yuri M. Lotman ; con prólogo de Jorge Lozano.
250 _a1ª ed.
260 _aBarcelona :
_bGedisa,
_c1999.
300 _aVIII, 238 p. ;
_c23 cm.
490 1 _aSerie Cla-de-ma
650 1 7 _aCambio social
_2embne
_910692
700 1 _aLozano, Jorge.
_974420
830 0 _aSerie Cla-de-ma
_9180262
852 _aES-MaACL
_jL-24197
_bR.129393
999 _c17231
_d17231